000 02940cam a22005655i 4500
001 data
005 20260322212118.0
006 data
007 data
008 data
035 _a21580372
906 _a0
_bibc
_corigres
_du
_encip
_f20
_gy-gencatlg
925 0 _aacquire
_epcnspringer
_xpolicy default
010 _a 2019736554
020 _a9783319581811
024 7 _a10.1007/978-3-319-58181-1
_2doi
035 _a(DE-He213)978-3-319-58181-1
040 _aDLC
_beng
_erda
_erda
_cDLC
072 7 _aPDX
_2thema
072 7 _aPN
_2bicssc
072 7 _aPN
_2thema
072 7 _aSCI013000
_2bisacsh
082 0 4 _a540.9
_223
097 0 0 _aQD11-18
100 1 _aLennartson, Anders.
_eauthor.
245 1 4 _aThe Chemical Works of Carl Wilhelm Scheele /
_cby Anders Lennartson.
250 _a1st ed. 2017.
264 1 _aCham :
_bImprint: Springer,
_bImprint: Springer,
_c2017.
300 _a1 online resource (XI, 110 pages 36 illustrations, 15 illustrations in color.)
336 _atext
_btxt
_2rdacontent
337 _acomputer
_bc
_2rdamedia
338 _aonline resource
_bcr
_2rdacarrier
347 _atext file
_bPDF
_2rda
490 1 _aSpringerBriefs in History of Chemistry,
_x2212-991X
505 0 _aIntroduction -- A bibliography of Scheele's published works -- The Chemical Works of Carl Wilhelm Scheele -- Summary -- Index of names -- Index of subjects. .
520 _aThis brief draws on the first modern book about Carl Wilhelm Scheele which was published in Swedish in 2015. Following an introduction and bibliography of Scheele's published works, the author analyses Scheele's publications paragraph by paragraph, explaining the procedures and the results in modern terms, and summarising and elucidating Scheele's conclusions. Up until now the original works by Scheele have only in part been translated into English, and to get a complete view of Scheele's work, knowledge of both Swedish and German was required. This brief opens up the important work of Carl Wilhelm Scheele to an international audience of historians of chemistry, students of history of chemistry and interested chemists. .
588 _aDescription based on publisher-supplied MARC data.
650 0 _aChemistry-History.
650 0 _aEurope-History.
650 0 _aHistory.
650 1 4 _aHistory of Chemistry.
_0http://scigraph.springernature.com/things/product-market-codes/C34000
650 2 4 _aEuropean History.
_0http://scigraph.springernature.com/things/product-market-codes/717000
650 2 4 _aHistory of Science.
_0http://scigraph.springernature.com/things/product-market-codes/731000
776 0 8 _iPrint version:
_tThe chemical works of Carl Wilhelm Scheele.
_z9783319581804
_w(DLC) 2017939311
776 0 8 _iPrinted edition:
_z9783319581804
776 0 8 _iPrinted edition:
_z9783319581828
830 0 _aSpringerBriefs in History of Chemistry,
_x2212-991X
985 _aspringerpcn
991 _as-Online
_hElectronic Resource
999 _c1786
_d1786